All Adventure Time Characters - Statistics

General Stats
  • This quiz has been taken 42 times
  • The average score is 66 of 500
Answer Stats
character % Correct
Finn Mertens
97%
Ice King
97%
Jake
97%
Simon Petrikov
97%
Marceline the Vampire Queen
93%
Princess Bubblegum
93%
Flame Princess
87%
BMO
80%
The Lich
73%
Tree Trunks
73%
Betty
70%
Gunter
70%
Gunther
70%
Flame King
67%
Martin Mertens
67%
Mr. Pig
67%
Starchy
67%
Cake
63%
Cinnamon
63%
Fionna
63%
Lady Rainicorn
63%
Lumpy Space Prince
63%
Magic Man
63%
Slime Princess
63%
Lumpy Space Princess
60%
Shelby
60%
Susan Strong/Kara
60%
Moseph Mastro Giovanni
57%
Peppermint Butler
57%
7718
53%
Angry Susan
53%
Fern
53%
Marshall Lee
53%
Prismo
53%
AMO
50%
Dr. Minerva Campbell
50%
Grob/Gob/Glob/Grod
50%
Hunson Abadeer
50%
Ice Queen
50%
Joshua
50%
King of Mars
50%
Prince Gumball
50%
Root/Dirt Beer Guy
50%
Sweet P
50%
Breakfast Princess
47%
Death
47%
Great Uncle Gumbald
47%
Hot Dog Princess
47%
James
47%
Lemongrab
47%
N.E.P.T.R.
47%
Ron James
47%
T.V.
47%
Charlie
43%
Cosmic Owl
43%
Huntress Wizard
43%
Jake Jr.
43%
King of Ooo
43%
Margaret
43%
Mr. Cupcake
43%
The Vampire King
43%
Viola
43%
Billy
40%
Golb
40%
Jermaine
40%
Kim
40%
Kim Kil Whan
40%
Tiffany
40%
Abracadaniel
37%
Flambo
37%
Wildberry Princess
37%
Orgalorg
33%
Turtle Princess
33%
Breezy
30%
Cinnamon Bun
30%
Cousin Chicle
30%
James Baxter
30%
Lemonhope
30%
Neddy
30%
Party God
30%
The Moon
30%
Aunt Lolly
27%
Beth
27%
Bob
27%
Choose Goose
27%
Ghost/Warrior Princess
27%
King Lumpy Space
27%
Patience St. Pim
27%
Raggedy Princess
27%
Ricardio
27%
Shoko
27%
Sir Rattleballs
27%
Urgence Evergreen
27%
Whisper Dan
27%
Bananaman
23%
Bubble
23%
Canyon
23%
Crab Princess
23%
Crunchy
23%
DMO
23%
Doctor Princess
23%
Gumball Guardians
23%
Nurse Poundcake
23%
Shermy
23%
The Fool
23%
Wyatt
23%
Ash
20%
Danny
20%
Duke of Nuts
20%
Maja the Sky Witch
20%
Me-Mow
20%
Queen Lumpy Space
20%
Tiny Manticore
20%
Warren Ampersand
20%
Ancient Psychic Tandem War Elephant
17%
Brad
17%
Bronwyn
17%
BunBun
17%
Cherry Cream Soda
17%
Doctor Prince
17%
Gibbon
17%
Goliad
17%
John
17%
Kee-Oth
17%
Lemonjon
17%
Margles
17%
Phil
17%
Raspberry Sam
17%
The Empress
17%
The Farm
17%
Toronto
17%
Bandit Princess
13%
Big Destiny
13%
Bryce
13%
Clarence
13%
Donny
13%
Duchess of Nuts
13%
Ethel
13%
Frieda
13%
George
13%
Giuseppe
13%
Hierophant
13%
Melissa
13%
Pete Sassafras
13%
Pete the Pageling
13%
Pete the Punk
13%
Science
13%
Two Bread Tom
13%
Alva
10%
Boobafina
10%
Bounce House Princess
10%
Chocoberry
10%
Choose Bruce
10%
Cuber
10%
Danny Gladiolas
10%
Dr. Gross
10%
Ed
10%
Embryo Princess
10%
Football
10%
Gary
10%
Hambo
10%
Jerry
10%
Johnnie
10%
Johnny
10%
King Worm
10%
Lord Monochromicorn
10%
Manfried
10%
Mike A.
10%
Mike H.
10%
Mike R.
10%
Mr. Creampuff
10%
Mrs. Gumdrop
10%
President Porpoise
10%
(Princess) Cookie
10%
Princess Zip
10%
Raini
10%
Randy
10%
SMO 5681
10%
Trudy
10%
Ancient Sleeping Magi of Live Giving
7%
Bonnie
7%
BooBoo
7%
Butterscotch Butler
7%
Chips
7%
Colonel Candycorn
7%
Darren the Ancient Sleeper
7%
Davey Johnson
7%
Don John the Flame Lord
7%
Dr. Ice Cream
7%
Ginther
7%
Goonter
7%
Ice President
7%
Jay
7%
Jessica
7%
Ken Mangosteen
7%
Kent
7%
Larry
7%
Lee
7%
Lollipop Girl
7%
Morrow
7%
Nina
7%
Peace Master
7%
Queen of Ooo
7%
Rap Bear
7%
Slimy-D
7%
Stormo
7%
Strudel Princess
7%
Taffy
7%
Taffy Girl
7%
Todd
7%
Tony
7%
Tromo
7%
Tuber
7%
Uncle Donald
7%
Wendy
7%
Xergiok
7%
Abracadanielle
3%
Ariel
3%
Balthus
3%
Banana Guard #1
3%
Banana Guard #2
3%
Banana Guard #3
3%
Bartram
3%
Beau
3%
Bella Noche
3%
Big Trace
3%
Blargatha
3%
Blombo
3%
BooBoo Sousa
3%
Bufo the Wizard
3%
Carol
3%
Chatsberry
3%
Chet
3%
Chipalina
3%
Chipper
3%
Cloudy
3%
Clubhouse Sandy
3%
Cubby
3%
David
3%
Dennis
3%
Dr. J
3%
Flynn
3%
General Tarsal
3%
Georgie
3%
Gerald
3%
Goonder
3%
Goose
3%
Grand Prix
3%
Gridface Princess
3%
Gunthalina
3%
Ice Cream
3%
Jacques
3%
Jamaica
3%
Janet
3%
Jay T. Dawgzone
3%
Justin Rockcandy
3%
Keyper
3%
Lauren
3%
Linda
3%
Luke
3%
Lynn
3%
Mannish Man the Minotaur
3%
Mark
3%
Marquis of Nuts
3%
Meat Man
3%
Michael
3%
Mochi
3%
Mr. Goose
3%
Mr. Pudding/Buck
3%
Party Pat
3%
Penny
3%
Peter
3%
Phlannel Boxingday
3%
Plop Top/Dump Dome
3%
Princess Beautiful
3%
Princess Business
3%
Princess Princess Princess
3%
Reggie
3%
Rennie Hamlin
3%
Roy
3%
Ruby G.
3%
Ruse Goose
3%
Sandwich/Sensei Paul
3%
Santa
3%
Science Cat
3%
Seed Wad
3%
Shazbaz
3%
Sir Slicer
3%
Son of Rap Bear
3%
Sparkle
3%
Spear Bear
3%
Stephanie
3%
Steve
3%
Sword Shark
3%
Taffi
3%
Ted
3%
Terry
3%
The Flying Lettuce Brothers
3%
The Jiggler
3%
The Scorcher
3%
The Teller
3%
Tim
3%
Torcho
3%
Toughie
3%
Trami
3%
Vinny
3%
Weaponhead
3%
Wormo
3%
Wormy McSquirmy
3%
Achillea
0%
Agave
0%
Amazonia
0%
Aunt Agnes
0%
Banana Guard #12
0%
Banana Guard #16
0%
Banana Guard #216
0%
Barb
0%
Bebe
0%
Benton
0%
Big Tina
0%
Birdzard
0%
Bliblob
0%
Blue Nose
0%
Bogo
0%
Boilbee
0%
Booko
0%
Braco
0%
Brunard
0%
Bryan
0%
Bush Boots
0%
Businessmen
0%
Cameron
0%
Candy Person #22
0%
Captain Majesty
0%
Cardamon
0%
Carla
0%
Carlos
0%
Charlic
0%
Cheryl
0%
Chinchizard
0%
Chipface
0%
Chipler
0%
Chipton
0%
Chocolat
0%
Chocolate Bar Guy
0%
Clara
0%
Clock Bear
0%
Clouddance
0%
Crusty
0%
Cute King
0%
Denise
0%
DeShawn
0%
DJ Fresh Start
0%
Dog Man
0%
Doug
0%
Dr. Belstar
0%
Dr. Donut
0%
Dream Warrior
0%
Dr. Erik Addamkimson
0%
Elbow Princess
0%
Elder Gorflox
0%
Elder Jeremy
0%
Elderolio
0%
Elder Plops
0%
Eleanor
0%
Erin
0%
Evacuation Man
0%
Fear Feaster
0%
Fight King
0%
Fire Count
0%
Furnius
0%
Gareth
0%
Gaunter
0%
Goji Berry Man
0%
Goodbeard
0%
Gorflax
0%
Gork
0%
Governor Anglerfish
0%
Grand Master Wizard
0%
Grassy Mountain Wizard
0%
Guard Man
0%
Guillermo
0%
Gummy
0%
Gunder
0%
Gunthie
0%
Gut Grinder
0%
Halt
0%
Haydancy
0%
Hogus
0%
Howard
0%
Hugo
0%
Hyperion
0%
Ice Cream Guy
0%
Jeff
0%
Jennings
0%
Jimmy
0%
Jonah
0%
Jordan the Lord of the Fairies
0%
Kenneth
0%
King of Thieves
0%
Kurt
0%
Leaf Beard
0%
Leaf Man
0%
Lenny
0%
Leonard
0%
Lester
0%
Lieutenant Gamergate
0%
Limbo Man
0%
Lionel
0%
Lisby
0%
Little Dude
0%
Loafy
0%
Logan
0%
Lord Ogdoad
0%
Lorraine
0%
Madam Eclair
0%
Magwood
0%
Martin 2
0%
Matthew
0%
Megafrog
0%
Mermaid of the River of Junk
0%
Mildwin
0%
Miniqueen
0%
Miranda
0%
Miss Baby
0%
Moniker Des Louise
0%
Morty Rogers
0%
Mr. Faidutti
0%
Mr. International
0%
Mr. Outrageous
0%
Mrs. James
0%
Nougat
0%
Officer Davis
0%
Onion Man
0%
Paris
0%
PBot
0%
Peanut Princess
0%
Petey
0%
Pillowford
0%
Pineapple Guy
0%
Princess Muscles
0%
Princess Orangutan
0%
Princess Purple Patch
0%
Priscus
0%
Quasar
0%
Quilton
0%
Rasheeta
0%
Representative Sybil
0%
Rock Giant
0%
Rock Wizard
0%
Roger
0%
Ronnie
0%
Roslinen
0%
Royal Tart Toter
0%
Ruffles
0%
Samantha
0%
Schwabl
0%
Science Whyzard
0%
Secretary Octopus
0%
Seed Man
0%
Senorita Isla
0%
Sharon
0%
Short Man
0%
Shortstack
0%
Skibbles
0%
Smudge
0%
Snorlock
0%
Speedboat
0%
Star Man
0%
Stevia
0%
Stranson Doughblow
0%
Sue
0%
Sveinn
0%
The Marauders
0%
The Train
0%
Tightwad
0%
Timmy
0%
Tommy
0%
Uncle Chewy
0%
Urchin
0%
Ursula
0%
Vanilla
0%
Verus
0%
Vice President Blowfish
0%
Wee Wee
0%
Werewolf Queen
0%
Whipple
0%
Wisemen
0%
Wishy
0%
Wizard Bill
0%
Woobeewoo
0%
Yanno
0%
Zap
0%
No matching quizzes found
Score Distribution
Percent of People with Each Score
Percentile by Number Answered
Your Score History
You have not taken this quiz